000 01297nam a22003617a 4500
001 BR2016001519
003 BR-BrBNA
005 20230928104844.0
007 ta
008 230509b bl.||||| |||| 00| 0 por d
040 _aBR-BrBNA
_bpor
_cBiblioteca Nacional de Agricultura
041 _a(Por)
072 _aK10; P01
090 _ K10 BR2016001519
110 1 _aCentro de Gestão e Estudos Estratégico, Brasília, DF (Brasil)
_91514
110 1 _aInstituto de Pesquisa Ambiental, Brasília, DF (Brasil)
110 1 _aPresidência da República, Brasília, DF (Brasil). Secretaria de Assuntos Estratégicos
_97896
245 1 _aREEDD no Brasil: um enfoque amazônico. Fundamentos, critérios e estruturas institucionais para um regime nacional de redução de emissões por desmatamento e degradação florestal
260 3 _aBrasília, DF (Brasil):
_c2011.
300 _a151 p.
500 _aBibliography p. 121-128; Summary (Por); 14 illus.; 25 tables
650 _aCLIMA
650 _aAMAZÔNIA
650 _aREDUÇÃO
650 _aDESMATAMENTO
650 _aPOLÍTICA AMBIENTAL
650 _aPOLÍTICA FLORESTAL
650 _aPESQUISA
650 _aPROTEÇÃO AMBIENTAL
650 _aPROTEÇÃO FLORESTAL
909 _a202309
_bLucia
_c55
_dLucia Elande
942 _cBK
999 _c82098
_d82098